00822nam a2200229 n 4500003000400000005001700004008004100021020002300062040002500085082001700110100003500127242003800162245005800200264005000258300002400308336002100332337002500353338002300378650001800401880007300419880010000492OSt20220105102643.0220104s2020 ii g 000 f tam d cRM47.60qpaperback aPPAKbengcPPAKerda04223a894.81131 6880-01aRavi, Cutā,eauthor. aKenangan kau akan berterusanymay106880-02aToṭarum un̲ nin̲aivukaḷ / cCutā Ravi 1aCen̲n̲ai, India :bSrī Patippakam, c2020 a200 pages ;c18 cm. 2rdacontentatext 2rdamediaaunmediated 2rdacarrieravolume10aTamil fiction1 6100-01aரவி, சுதா,eநூலாசிரியர்.1 6245-02aதொடரும் உன் நினைவுகள் cசுதா ரவி